LEADER 01166nam a2200265 4500 001 000000350640 003 CaOOAMICUS 005 20220623115045.0 008 220623s2014 it 000 u ita r 020 $a978-88-06-16566-6 040 $aSeMil$bita 100 1 $aGinzburg, Leone,$d<1909-1944>.$0(OLS)http://semarc/name/8655 245 10$aLettere dal confino :$b1940-1943 /$cLeone Ginzburg ; a cura di Luisa Mangoni. 264 3$aTorino :$bEinaudi,$cstampa 2014. 300 $aXXII, 377 p. ;$c21 cm 490 1 $aBiblioteca Einaudi ;$v171 650 4$aGinzburg, Leone <1909-1944> - Lettere e carteggi.$0(OLS)http://semarc/subject/52492 700 1 $aMangoni, Luisa,$d<1941-2014>.$0(OLS)http://semarc/name/37019 830 0$aBiblioteca Einaudi ;$v171.$0(OLS)http://semarc/title/5944 850 $aSeMil 852 $aSeMil$W1$xVenegono$y1$m1B II 172$j233319$B241644$CSeMilBibl$Z2$F241644 $81 996 $6020$a978-88-06-16566-6$9(OLS)http://semarc/number/296130 996 $6245$aLettere dal confino :$b1940-1943$9(OLS)http://semarc/title/440434 996 $6264$aTorino :$bEinaudi$9(OLS)http://semarc/publisher/29884 LEADER 01344nam a2200253 i 4500 001 000000090742 003 CaOOAMICUS 005 20210428143436.0 008 171128s1840 it u000 u ita u 013 $a62984 040 $aSeMil$bita 100 1 $aCroiset, Jean .$0(OLS)http://semarc/name/2946 245 10$aOrazioni cristiane, ovvero Esercizi ordinari del cristiano :$bcolla parafrasi degli uffizi di M. V., de Morti, della ss. Croce, dello Spirito Santo, ec., nonche un ristretto della fede /$cdel reverendo padre Giovanni Croiset. 260 $aMendrisio :$bTipografia della Minerva ticinese,$c1840. 300 $aVII, 316 p. ;$c16 cm. 500 $aLascito Card. C.M. Martini. 650 4$aCristianesimo - Libri di preghiere e devozione francesi.$0(OLS)http://semarc/subject/5124 850 $aSeMil 852 $aSeMil$W1$xVenegono$y1$m2L I 30 FA$j53709$B53709$CSeMilBibl$Z2$F58343 $8I 941 1 $a4 961 $aLascito: Martini Card. Carlo Maria 996 $6245$aOrazioni cristiane, ovvero Esercizi ordinari del cristiano :$bcolla parafrasi degli uffizi di M. V., de Morti, della ss. Croce, dello Spirito Santo, ec., nonche un ristretto della fede$9(OLS)http://semarc/title/406050 996 $6260$aMendrisio :$bTipografia della Minerva ticinese$9(OLS)http://semarc/publisher/36945